书目信息 |
| 题名: |
中国当代书画大家个案研究
|
|
| 作者: | 冯联承 绘 | |
| 分册: | 冯界桥(冯廉程) | |
| 出版信息: | 天津 天津人民美术出版社 2012 |
|
| 页数: | 205页 | |
| 开本: | 36cm | |
| 丛书名: | ||
| 单 册: | ||
| 中图分类: | J212.052 , J221 | |
| 科图分类: | ||
| 主题词: | 书画艺术--艺术评论--中国--当代 , 绘画--作品集--中国--当代 , 法书--作品集--中国--当代 | |
| 电子资源: | ||
| ISBN: | 978-7-5305-5017-5 | |
| 000 | 00774nam0 2200253 450 | |
| 001 | 339792 | |
| 005 | 20150608153407.84 | |
| 010 | @a978-7-5305-5017-5@b精装@dCNY298.00 | |
| 100 | @a20130514d2012 em y0chiy50 ea | |
| 101 | 0 | @achi |
| 102 | @aCN@b120000 | |
| 105 | @aa z 000yy | |
| 106 | @ad | |
| 200 | 1 | @a中国当代书画大家个案研究@Azhong guo dang dai shu hua da jia ge an yan jiu@i冯界桥(冯廉程)@f冯联承绘 |
| 210 | @a天津@c天津人民美术出版社@d2012 | |
| 215 | @a205页@d36cm | |
| 606 | 0 | @a书画艺术@x艺术评论@y中国@z当代 |
| 606 | 0 | @a绘画@x作品集@y中国@z当代 |
| 606 | 0 | @a法书@x作品集@y中国@z当代 |
| 690 | @aJ212.052@v5 | |
| 690 | @aJ221@v5 | |
| 701 | 0 | @a冯联承@Afeng lian cheng@f(1948)@4绘@4书 |
| 801 | 0 | @aCN@b卓展宏图@c20150525 |
| 905 | @dJ212.052@e698@f3 | |
| 中国当代书画大家个案研究.冯界桥(冯廉程)/冯联承绘.-天津:天津人民美术出版社,2012 |
| 205页;36cm |
| ISBN 978-7-5305-5017-5(精装):CNY298.00 |
| ● |
| 相关链接 |
|
|
|
|
正题名:中国当代书画大家个案研究
索取号:J212.052/698
 
预约/预借
| 序号 | 登录号 | 条形码 | 馆藏地/架位号 | 状态 | 备注 |
| 1 | 864075 | 208640755 | 第一样本阅览室/ [索取号:J212.052/698] | 在馆 | |
| 2 | 864076 | 208640764 | 第一借阅区/ [索取号:J212.052/698] | 在馆 | |
| 3 | 864077 | 208640773 | 美术系资料室/ [索取号:J212.052/698] | 在馆 |